Poesía heroica griega: epopeya de Diyenis Akritos; cantares de Armuris y de Andrónico
Uloženo v:
| Hlavní autor: | |
|---|---|
| Médium: | Kniha |
| Jazyk: | španělština |
| Vydáno: |
Santiago
Centro de Estudios Bizantinos y Neohelénicos fotios Malleros
1994
|
| Témata: | |
| Tagy: |
Přidat tag
Žádné tagy, Buďte první, kdo vytvoří štítek k tomuto záznamu!
|
MARC
| LEADER | 00000nam a2200000 a 4500 | ||
|---|---|---|---|
| 001 | UCY5395 | ||
| 003 | CL-VaPUC | ||
| 008 | 950508e19940000CL |||||||||||||||||spa|d | ||
| 082 | 0 | 4 | |a 883 |b CAS |2 21 |
| 100 | 0 | |a Castillo Didier, Miguel |e author |9 334120 | |
| 245 | 1 | 0 | |a Poesía heroica griega: epopeya de Diyenis Akritos; cantares de Armuris y de Andrónico |
| 300 | |a 351 p | ||
| 942 | |c BK | ||
| 945 | |d 19950508 00:00:00 |a rbrito | ||
| 260 | |a Santiago |b Centro de Estudios Bizantinos y Neohelénicos fotios Malleros |c 1994 | ||
| 650 | 7 | |a POESIA EPICA GRIEGA |2 CL-VaPUC |9 265215 | |
| 650 | 0 | |a Poesía griega |9 265627 | |
| 583 | |a last modification |c 19950508 00:00:00 |k Rodrigo Vera | ||
| 999 | |c 233063 |d 233061 | ||
| 952 | |0 0 |1 0 |4 0 |6 883_000000000000000_CAS_1994 |7 0 |8 A |9 238147 |a BIBEDU |b BIBEDU |d 2019-11-18 |i 3079600 |o 883 CAS 1994 |p 3079600 |r 2019-11-18 |w 2019-11-18 |y BK |k LIT | ||
| 952 | |0 0 |1 0 |4 0 |6 883_000000000000000_CAS_1994 |7 0 |8 A |9 238148 |a BIBEDU |b BIBEDU |d 2019-11-18 |i 3156699 |o 883 CAS 1994 |p 3156699 |r 2019-11-18 |w 2019-11-18 |y BK |k LIT | ||
| 952 | |0 0 |1 0 |4 0 |6 883_000000000000000_CAS_1994 |7 0 |8 A |9 238149 |a BIBHIS |b BIBHIS |d 2019-11-18 |i 3173291 |l 2 |o 883 CAS 1994 |p 3173291 |r 2025-01-20 |s 2024-04-12 |w 2019-11-18 |y BK |k HIS | ||
| 952 | |0 0 |1 0 |4 0 |6 883_000000000000000_CAS_1994 |7 0 |8 A |9 238150 |a BIBEDU |b BIBEDU |d 2019-11-18 |i 4189930 |o 883 CAS 1994 |p 4189930 |r 2019-11-18 |w 2019-11-18 |y BK |k LIT | ||